<?xml version="1.0" encoding="UTF-8"?>
<record
    xmlns:xsi="http://www.w3.org/2001/XMLSchema-instance"
    xsi:schemaLocation="http://www.loc.gov/MARC21/slim http://www.loc.gov/standards/marcxml/schema/MARC21slim.xsd"
    xmlns="http://www.loc.gov/MARC21/slim">

  <leader>02481nam a2200397   4500</leader>
  <controlfield tag="001">85803</controlfield>
  <controlfield tag="003">SpMaBN</controlfield>
  <controlfield tag="005">20260415124143.0</controlfield>
  <controlfield tag="008">011205m20002001sp |          ||| ||lat  </controlfield>
  <datafield tag="016" ind1="7" ind2=" ">
    <subfield code="a">bimoBNE20011136461</subfield>
    <subfield code="2">SpMaBN</subfield>
  </datafield>
  <datafield tag="017" ind1=" " ind2=" ">
    <subfield code="a">B 42445-2000</subfield>
    <subfield code="b">Oficina Dep&#xF3;sito Legal Barcelona</subfield>
  </datafield>
  <datafield tag="020" ind1=" " ind2=" ">
    <subfield code="a">8488526660</subfield>
  </datafield>
  <datafield tag="035" ind1=" " ind2=" ">
    <subfield code="a">(OCoLC)434375708</subfield>
  </datafield>
  <datafield tag="035" ind1=" " ind2=" ">
    <subfield code="a">(SpMaBN)Mimo0001742217</subfield>
  </datafield>
  <datafield tag="040" ind1=" " ind2=" ">
    <subfield code="a">SpMaBN</subfield>
    <subfield code="b">spa</subfield>
    <subfield code="c">SpMaBN</subfield>
    <subfield code="e">rdc</subfield>
    <subfield code="d">M-RABA</subfield>
  </datafield>
  <datafield tag="041" ind1="0" ind2=" ">
    <subfield code="a">lat</subfield>
    <subfield code="a">eng</subfield>
    <subfield code="a">spa</subfield>
  </datafield>
  <datafield tag="080" ind1=" " ind2=" ">
    <subfield code="a">091 Beato de Carde&#xF1;a.07</subfield>
  </datafield>
  <datafield tag="080" ind1=" " ind2=" ">
    <subfield code="a">228.07</subfield>
  </datafield>
  <datafield tag="100" ind1="1" ind2=" ">
    <subfield code="a">Beato de Li&#xE9;bana</subfield>
    <subfield code="9">16294</subfield>
  </datafield>
  <datafield tag="240" ind1="1" ind2="0">
    <subfield code="a">In Apocalipsin</subfield>
  </datafield>
  <datafield tag="245" ind1="1" ind2="0">
    <subfield code="a">Beato de Li&#xE9;bana</subfield>
    <subfield code="h">[Texto impreso] :</subfield>
    <subfield code="b">c&#xF3;dice del Monasterio de San Pedro de Carde&#xF1;a</subfield>
    <subfield code="c">[traducci&#xF3;n, Anne Barton de Mayor]</subfield>
  </datafield>
  <datafield tag="260" ind1=" " ind2=" ">
    <subfield code="a">Barcelona</subfield>
    <subfield code="b">M. Moleiro Editor</subfield>
    <subfield code="c">2000-2001</subfield>
  </datafield>
  <datafield tag="300" ind1=" " ind2=" ">
    <subfield code="a">2 v.</subfield>
    <subfield code="b">il. col.</subfield>
    <subfield code="c">48, 34 cm</subfield>
  </datafield>
  <datafield tag="500" ind1=" " ind2=" ">
    <subfield code="a">Vol. 1 ([284] p.) es reprod. facs. del ms. conservado en el Museo Arqueol&#xF3;gico Nacional (ms. 2), Biblioteca Francisco de Zabalburu, The Metropolitan Museum of Art y Museo Diocesano de Gerona</subfield>
  </datafield>
  <datafield tag="500" ind1=" " ind2=" ">
    <subfield code="a">Vol. 2 (363 p.) contiene estudios de &#xC1;ngela Franco Mata ... [et al.]</subfield>
  </datafield>
  <datafield tag="546" ind1=" " ind2=" ">
    <subfield code="a">Texto del ms. en lat&#xED;n; volumen de estudios en espa&#xF1;ol e ingl&#xE9;s</subfield>
  </datafield>
  <datafield tag="630" ind1="0" ind2="7">
    <subfield code="a">Beato de Carde&#xF1;a</subfield>
    <subfield code="v">Facs&#xED;miles</subfield>
    <subfield code="2">embne</subfield>
  </datafield>
  <datafield tag="630" ind1="0" ind2="7">
    <subfield code="a">Biblia.</subfield>
    <subfield code="p">N.T.</subfield>
    <subfield code="p">Apocalipsis</subfield>
    <subfield code="v">Comentarios</subfield>
    <subfield code="2">embne</subfield>
    <subfield code="9">87058</subfield>
  </datafield>
  <datafield tag="655" ind1=" " ind2="7">
    <subfield code="a">Beatos</subfield>
    <subfield code="2">tgfbne</subfield>
  </datafield>
  <datafield tag="700" ind1="1" ind2=" ">
    <subfield code="a">Franco Mata, Mar&#xED;a &#xC1;ngela</subfield>
    <subfield code="d">1944-</subfield>
  </datafield>
  <datafield tag="710" ind1="2" ind2=" ">
    <subfield code="a">Museo Arqueol&#xF3;gico Nacional (Espa&#xF1;a)</subfield>
    <subfield code="k">Manuscrito.</subfield>
    <subfield code="n">2</subfield>
  </datafield>
  <datafield tag="730" ind1="0" ind2=" ">
    <subfield code="a">Biblia.</subfield>
    <subfield code="p">N.T.</subfield>
    <subfield code="p">Apocalipsis</subfield>
    <subfield code="l">Lat&#xED;n</subfield>
  </datafield>
  <datafield tag="852" ind1=" " ind2=" ">
    <subfield code="j">D-414 ; D-415</subfield>
  </datafield>
  <datafield tag="856" ind1="4" ind2="1">
    <subfield code="u">https://bnedigital.bne.es/bd/card?id=f3a953bf-2f5f-4101-a05a-7b8bac030841</subfield>
    <subfield code="y">BNE Digital</subfield>
    <subfield code="z">acceso y/o uso restringido</subfield>
  </datafield>
  <datafield tag="942" ind1=" " ind2=" ">
    <subfield code="c">FONDOMODER</subfield>
    <subfield code="n">0</subfield>
  </datafield>
  <datafield tag="952" ind1=" " ind2=" ">
    <subfield code="0">0</subfield>
    <subfield code="1">0</subfield>
    <subfield code="2">ddc</subfield>
    <subfield code="3">v. 1</subfield>
    <subfield code="4">0</subfield>
    <subfield code="7">0</subfield>
    <subfield code="a">RABASF</subfield>
    <subfield code="b">RABASF</subfield>
    <subfield code="c">DP1</subfield>
    <subfield code="d">2026-04-15</subfield>
    <subfield code="l">0</subfield>
    <subfield code="o">D-414</subfield>
    <subfield code="p">1096912</subfield>
    <subfield code="r">2026-04-15 12:28:59</subfield>
    <subfield code="w">2026-04-15</subfield>
    <subfield code="y">FONDOMODER</subfield>
  </datafield>
  <datafield tag="952" ind1=" " ind2=" ">
    <subfield code="0">0</subfield>
    <subfield code="1">0</subfield>
    <subfield code="2">ddc</subfield>
    <subfield code="3">v. 2</subfield>
    <subfield code="4">0</subfield>
    <subfield code="7">0</subfield>
    <subfield code="a">RABASF</subfield>
    <subfield code="b">RABASF</subfield>
    <subfield code="c">DP1</subfield>
    <subfield code="d">2026-04-15</subfield>
    <subfield code="l">0</subfield>
    <subfield code="o">D-415</subfield>
    <subfield code="p">1096913</subfield>
    <subfield code="r">2026-04-15 12:28:59</subfield>
    <subfield code="w">2026-04-15</subfield>
    <subfield code="y">FONDOMODER</subfield>
    <subfield code="z">Volumen de estudios</subfield>
  </datafield>
  <datafield tag="999" ind1=" " ind2=" ">
    <subfield code="c">85803</subfield>
    <subfield code="d">85803</subfield>
  </datafield>
</record>
